Granada : de la madina nazarí a la ciudad cristiana /

Saved in:
Bibliographic Details
Main Author: Cañavate Toribio, Juan.
Format: Book
Language:Spanish
Published: Granada [Spain] : Editorial Universidad de Granada, 2006.
Series:Monográfica. Biblioteca de humanidades. Chronica nova estudios históricos ; 97.
Subjects:
Tags: Add Tag
No Tags, Be the first to tag this record!
LEADER 01140cam a22003134a 4500
001 010244357-2
005 20090309185749.0
008 070824s2006 sp ab b 000 0 spa
010 |a  2007469329 
020 |a 8433839101 
020 |a 9788433839107 
035 0 |a ocm71820192 
040 |a DLC  |c DLC  |d DLC 
043 |a e-sp--- 
050 0 0 |a DP402.G6  |b C36 2006 
082 0 0 |a 946/.82  |2 22 
100 1 |a Cañavate Toribio, Juan. 
245 1 0 |a Granada :  |b de la madina nazarí a la ciudad cristiana /  |c Juan Cañavate Toribio. 
260 |a Granada [Spain] :  |b Editorial Universidad de Granada,  |c 2006. 
300 |a 364 p. :  |b ill., maps ;  |c 22 cm. 
490 1 |a Monográfica. Biblioteca de humanidades. Chronica nova estudios históricos ;  |v 97 
504 |a Includes bibliographical references (p. [341]-358). 
651 0 |a Granada (Spain)  |x History. 
651 0 |a Granada (Spain)  |x Description and travel. 
653 |a Granada  |a Urbanismo  |a Historia  |a Siglo XV. 
653 |a Arquitectura  |a Granada  |a Historia. 
830 0 |a Monográfica.  |p Biblioteca de humanidades.  |p Chronica nova estudios históricos ;  |v 97. 
988 |a 20070226 
906 |0 DLC